00375nam a2200133 4500003000900000005001700009008004100026020002300067040001300090082001600103100003200119245005800151260003200209SEACOMEC20251105112829.0251105b |||||||| |||| 00| 0 eng d a8125929029c140.00 aSEACOMEC a333.7bD229 a Das Mohapatra, Gourkrishna aEnvironment and Ecology cGourkrishna Das Mohapatra  aKolkata :bVikas Pub.c2007